¿Aman los otros de otra manera? / (Registro nro. 13185)

Detalles MARC
000 -LIDER
fixed length control field 00734nam a22002417a 4500
003 - IDENTIFICACDOR DE NÚMERO DE CONTROL
control field DO-SdBNP
005 - DATE AND TIME OF LATEST TRANSACTION
control field 20171128154203.0
008 - ELEMENTOS DE LONGITUD FIJA
fixed length control field 171128b 1964 sp||| 00| 0 spa d
040 ## - FUENTE DE CATALOGACIÓN
Agencia que crea de manera original el registro BPMSU
Idioma de catalogación spa
Agencia que realiza la transcripción BPMSU
082 ## - NÚMERO DE CLASIFICACIÓN DECIMAL DE DEWEY
Classification number xxxxx
Item number xxxxx
100 1# - ASIENTO PRINCIPAL -- NOMBRE PERSONAL
Nombre personal Tabor, Markus
245 1# - MENCIÓN DE TITULO
Título ¿Aman los otros de otra manera? /
Mención de responsabilidad Markus Tabor, Wolf Gertt ; traducción José Moya Soley, Ute Körner de Moya
260 ## - PUBLICACIÓN, DISTRIBUCIÓN, ETC. (PIE DE IMPRENTA)
Lugar de publicación, distribución, etc España :
Nombre del editor, distribuidor, etc. Ferma,
Fecha de publicación, distribución, etc 1964.
300 ## - DESCRIPCIÓN FÍSICA
Extensión 228 p. ;
Dimensiones 20 cm.
490 1# - MENCIÓN DE SERIES
Mención de serie Novus mundus
700 ## - ASIENTO SECUNDARIO -- NOMBRE PERSONAL
Nombre personal Gertt, Wolf
700 1# - ASIENTO SECUNDARIO -- NOMBRE PERSONAL
Nombre personal Moya Soley, José,
Mención de responsabilidad tr.
700 1# - ASIENTO SECUNDARIO -- NOMBRE PERSONAL
Nombre personal Körner Moya, Ute de,
Mención de responsabilidad tr.
830 #0 - ASIENTO SECUNDARIO DE SERIE--TÍTULO UNIFORME
Título uniforme Novus mundus
942 ## - ADDED ENTRY ELEMENTS (KOHA)
Source of classification or shelving scheme Dewey Decimal Classification
Koha item type Libros
945 ## - INFORMACIÓN DE PROCESAMIENTO LOCAL
Información de procesamiento local Inventariado extranjero / 2017 BT
956 ## - LOCAL ELECTRONIC LOCATION AND ACCESS (OCLC)
Nombre de host BTAVAREZ
Número de acceso 10
Información de compresión 20171128
Trayectoria 0038
Existencias
Withdrawn status Lost status Source of classification or shelving scheme Damaged status Not for loan Collection code Home library Current library Date acquired Source of acquisition Total Checkouts Full call number Barcode Date last seen Price effective from Koha item type
    Dewey Decimal Classification     Colección General Biblioteca Pública Metropolitana Salomé Ureña Biblioteca Pública Metropolitana Salomé Ureña 11/28/2017 FUNDI   xxxxx xxxxx BPMSU17110512 11/28/2017 11/28/2017 Libros